Statistics for 10 Shortest Lives in Africa 2014

Click here to take the quiz!

General Stats

  • This quiz has been taken 8 times
  • The average score is 6 of 10

Answer Stats

Life Exp. (years)Country% Correct
48.7Democratic Republic Of The Congo
88%
50.9Burundi
75%
48.7Lesotho
75%
48.1Sierra Leone
75%
49.9Chad
63%
48.9Eswatini
63%
48.6Guinea-Bissau
63%
49.1Central African Republic
50%
50.7Mozambique
38%
49.4Zambia
25%

Score Distribution

Percentile by Number Answered

Percent of People with Each Score

Your Score History

You have not taken this quiz